CONVERGENCE RATES IN THE COMPLETE MOMENT OF MOVING-AVERAGE PROCESSES

Bibliographic Details
Main Author: QING-PEI ZANG (Author)
Format: Article
Language:English

MARC

LEADER 00000nab a2200000uu 4500
001 vtls011450947
003 SK-MaSNL
005 20260303151359.0
008 230222|2012 xo |||||||||||||||||eng|
015 |a SNBRB 
035 |a (urnnbn)urn:nbn:sk:snk:ar-006k72 
035 |a (uuid)d4463672-65b0-4704-a6e1-8df4ba332073 
035 |a urn:nbn:sk:snk-abcn0q 
040 |a SNKBUCL  |b slo  |c SNKBUCL  |e AACR2 
041 0 |a eng 
044 |a xo  |c SK 
100 1 |a QING-PEI ZANG  |4 aut  |9 1170883 
245 1 0 |a CONVERGENCE RATES IN THE COMPLETE MOMENT OF MOVING-AVERAGE PROCESSES  |c Qing-Pei Zang 
773 0 |t Mathematica Slovaca  |g Roč. 62, č. 5 (2012), s. [967]-978 
958 |a OND 
958 |a EUIPO 
958 |a article16 
999 |c 2017446  |d 2019376